00352 a2200121 450000100060000004000240000624000260003024500240005665000240008094200070010495201020011199900170021368544 cAnchieta - Itaigara10aUma amiga diferentel10aUma amiga diferente 4aLiteratura infantil cMU 00104070a88.1b88.1d2023-11-21l0oLI 028.5 AMIp72/ITAr2023-11-21 20:02:47w2023-11-21yMU c68544d68544